000 00971cam a22003133a 4500
001 94
003 PGUSA
005 20140828082943.0
008 060308s2006||||xxu|||||s|||||000 1 eng d
040 _aPGUSA
_beng
042 _adc
050 4 _aPS
100 1 _aCather, Willa,
_d1873-1947
245 1 0 _aAlexander's Bridge
_h[electronic resource] /
_cWilla Cather
260 _bProject Gutenberg,
_c2006
505 0 _aAlexander's bridge / Willa Cather -- The barrel organ / Alfred Noyes.
506 _aPublic domain in the USA.
516 _aElectronic text
653 _aMarried people -- Fiction
653 _aLondon (England) -- Fiction
653 _aPsychological fiction
653 _aBridges -- Design and construction -- Fiction
653 _aBoston (Mass.) -- Fiction
653 _aMistresses -- Fiction
653 _aCivil engineers -- Fiction
830 0 _aProject Gutenberg
_v94
856 4 0 _uhttp://www.gutenberg.org/ebooks/94
942 _cEB
999 _c229465
_d229465